000 00284nam a2200109Ia 4500
008 220204s9999 xx 000 0 und d
082 _a620(031)
_bBLO
100 _aBloor, David
245 0 _aEncyclopedia of advanced materials. 4 V.
260 _aNew York
_bPergamon
_c1994
942 _cBK
999 _c40661
_d40661